<?xml version="1.0" encoding="UTF-8"?><?xml-stylesheet type="text/xsl" href="static/style.xsl"?><OAI-PMH xmlns="http://www.openarchives.org/OAI/2.0/" xmlns:xsi="http://www.w3.org/2001/XMLSchema-instance" xsi:schemaLocation="http://www.openarchives.org/OAI/2.0/ http://www.openarchives.org/OAI/2.0/OAI-PMH.xsd"><responseDate>2026-06-05T04:06:48Z</responseDate><request verb="GetRecord" identifier="oai:riuma.uma.es:10630/14180" metadataPrefix="marc">https://riuma.uma.es/rest/oai/request</request><GetRecord><record><header><identifier>oai:riuma.uma.es:10630/14180</identifier><datestamp>2026-02-03T12:23:44Z</datestamp><setSpec>com_10630_2254</setSpec><setSpec>col_10630_37959</setSpec></header><metadata><record xmlns="http://www.loc.gov/MARC21/slim" xmlns:dcterms="http://purl.org/dc/terms/" xmlns:doc="http://www.lyncode.com/xoai" xmlns:xsi="http://www.w3.org/2001/XMLSchema-instance" xsi:schemaLocation="http://www.loc.gov/MARC21/slim http://www.loc.gov/standards/marcxml/schema/MARC21slim.xsd">
   <leader>00925njm 22002777a 4500</leader>
   <datafield ind2=" " ind1=" " tag="042">
      <subfield code="a">dc</subfield>
   </datafield>
   <datafield ind2=" " ind1=" " tag="720">
      <subfield code="a">Ron-Angevin, Ricardo</subfield>
      <subfield code="e">author</subfield>
   </datafield>
   <datafield ind2=" " ind1=" " tag="720">
      <subfield code="a">García, Liliana</subfield>
      <subfield code="e">author</subfield>
   </datafield>
   <datafield ind2=" " ind1=" " tag="720">
      <subfield code="a">Lespinet-Najib, Véronique</subfield>
      <subfield code="e">author</subfield>
   </datafield>
   <datafield ind2=" " ind1=" " tag="720">
      <subfield code="a">André, Jean-Marc</subfield>
      <subfield code="e">author</subfield>
   </datafield>
   <datafield ind2=" " ind1=" " tag="260">
      <subfield code="c">2017-07-10</subfield>
   </datafield>
   <datafield ind2=" " ind1=" " tag="520">
      <subfield code="a">Pacientes que sufren de Esclerosis Lateral Amiotrófica (ELA) pueden llegar a sufrir lo que se conoce como síndrome de enclaustramiento (Locked-in-syndrome, LIS), caracterizado, en su modalidad clásica, por la imposibilidad de realizar cualquier movimiento salvo parpadear y mover los ojos. Para estos pacientes, la tecnología asistida disponible es muy limitada, siendo aquellas basadas en el eyetracker (seguimiento de ojos) y en el BCI las más apropiadas.Varios estudios han tratado de comparar ambas tecnologías. En el caso de controlar un sistema de comunicación, estos concluyen que un eyetracker es más ventajoso. Precisamente, el objetivo del estudio que se propone en esta contribución es demostrar que el uso de la tecnología puede depender de las preferencias de cada usuario. Para ello se lleva a cabo un estudio comparativo entre el uso de un eyetracker (Tobii modelo C15) y una Interfaz Cerebro-Computadora basado en la detección del potencial P300 para controlar un teclado virtual. Dicho estudio se realiza sobre un paciente con ELA. El estudio de las prestaciones de ambos sistemas en términos de error y tiempo, además de la carga de trabajo y de otras medidas subjetivas, nos permitirán determinar la usabilidad de ambos sistemas y obtener resultados sobre dicha comparativa</subfield>
   </datafield>
   <datafield ind1="8" ind2=" " tag="024">
      <subfield code="a">http://hdl.handle.net/10630/14180</subfield>
   </datafield>
   <datafield ind1="8" ind2=" " tag="024">
      <subfield code="a">https://orcid.org/0000-0001-8721-0585</subfield>
   </datafield>
   <datafield tag="653" ind2=" " ind1=" ">
      <subfield code="a">Circuitos de interfaces</subfield>
   </datafield>
   <datafield ind2="0" ind1="0" tag="245">
      <subfield code="a">Control de un teclado virtual por un paciente de ela mediante el uso de dos tecnologías: eyetracker y sistema BCI</subfield>
   </datafield>
</record>
</metadata></record></GetRecord></OAI-PMH>